| 000 | 01834cam a2200553 i 4500 | ||
|---|---|---|---|
| 020 | _a0126754020 | ||
| 020 | _a9780126754025 | ||
| 020 | _a0126754012 | ||
| 020 | _a9780126754018 | ||
| 020 | _a0126754039 | ||
| 020 | _a9780126754032 | ||
| 020 | _a0126754047 | ||
| 020 | _a9780126754049 | ||
| 020 | _a0126754055 | ||
| 020 | _a9780126754056 | ||
| 020 | _a0126754063 | ||
| 020 | _a9780126754063 | ||
| 020 | _a0126754071 | ||
| 020 | _a9780126754070 | ||
| 020 | _a012675408X | ||
| 020 | _a9780126754087 | ||
| 020 | _a0126754098 | ||
| 020 | _a9780126754094 | ||
| 020 | _a0126754101 | ||
| 020 | _a9780126754100 | ||
| 020 | _a012675411X | ||
| 020 | _a9780126754117 | ||
| 020 | _a0126754128 | ||
| 020 | _a9780126754124 | ||
| 020 | _a0126754136 | ||
| 020 | _a9780126754131 | ||
| 020 | _a0126754144 | ||
| 020 | _a9780126754148 | ||
| 020 | _a0126754160 | ||
| 020 | _a9780126754162 | ||
| 040 | _cDLC | ||
| 082 | 0 | 0 | _a581 PRE 1980 A111 Or. |
| 245 | 0 | 4 |
_aThe Biochemistry of plants : _ba comprehensive treatise / |
| 260 |
_aNew York : _bAcademic Press, _c1980-<c1990> |
||
| 300 |
_avolumes <1-16> : _billustrations ; _c25 cm |
||
| 520 | _aV. 1 The plant cell. v. 2. Metabolism and respiration. v. 3. Carbohydrates. v. 4. Lipids. v. 5. Amino acids and derivates. v. 6. Proteins and nucleic acids. v. 7. Secondary plant products. v. 8. Photosynthesis. v. 9. Lipids: structure a nd function. v. 10. Photosynthesis. v. 11. Biochemistry of metabolism. v. 12. P hysiology of metabolism. v. 13. Methodology. v. 14. Carbohydrates. v. 15. Molecular biology. v.16. Intermediary nitrogen metabolism. | ||
| 650 | 0 | _aBotanical chemistry. | |
| 650 | 2 | _aBiochemistry. | |
| 650 | 2 | _aPlants | |
| 650 | 2 | _aChemistry, Agricultural. | |
| 700 | 1 | _aStumpf, Paul K. | |
| 700 | 1 | _aConn, Eric E. | |
| 942 | _cEK | ||
| 999 |
_c16659 _d16659 |
||